Non-coding RNA in plants : modulation and stress responses /

"Non-coding RNA in Plants: Modulation and Stress Responses  is the first book to present the basics of the importance of long non-coding RNA and its potential in addressing abiotic and biotic stresses. Describing the MiRNA and small RNA and their role in plant development, this book explains th...

Full description

Bibliographic Details
Corporate Author: ScienceDirect (Online service)
Other Authors: Datta, Rahul (Editor), Kapadia, Kapadia (Editor), Danish, Subhan (Editor), Singh, Sachidanand (Editor)
Format: eBook
Language:English
Published: London, United Kingdom ; San Diego, CA, United States : Academic Press, an imprint of Elsevier, [2025]
Series:Plant biology, sustaunability, and climate change
Subjects:
Online Access:Connect to the full text of this electronic book

MARC

Tag First Indicator Second Indicator Subfields
LEADER 00000cam a2200000 i 4500
001 in00005774012
005 20260327180723.3
006 m o d
007 cr cnu---unuuu
008 241212s2025 enka ob 001 0 eng d
040 |a YDX  |b eng  |e rda  |c YDX  |d UKAHL  |d OPELS  |d OCLCO  |d YDX  |d OCLCO 
019 |a 1482686467 
020 |a 9780443217852  |q electronic book 
020 |a 0443217858  |q electronic book 
020 |z 044321784X  |q paperback 
020 |z 9780443217845  |q paperback 
035 |a (OCoLC)1474642345  |z (OCoLC)1482686467 
050 4 |a QP623  |b .N66 2025 
082 0 4 |a 572.8/8  |2 23/eng/20250128 
049 |a TXAM 
245 0 0 |a Non-coding RNA in plants :  |b modulation and stress responses /  |c series editor, Azamal Husen and Muhammad Iqbal ; edited by Rahul Datta, Chintan Kapadia, Subhan Danish, Sachidanand Singh. 
264 1 |a London, United Kingdom ;  |a San Diego, CA, United States :  |b Academic Press, an imprint of Elsevier,  |c [2025] 
300 |a 1 online resource (xxi, 358 pages) :  |b color illustrations. 
336 |a text  |b txt  |2 rdacontent 
337 |a computer  |b c  |2 rdamedia 
338 |a online resource  |b cr  |2 rdacarrier 
490 0 |a Plant biology, sustaunability, and climate change 
504 |a Includes bibliographical references and index. 
520 |a "Non-coding RNA in Plants: Modulation and Stress Responses  is the first book to present the basics of the importance of long non-coding RNA and its potential in addressing abiotic and biotic stresses. Describing the MiRNA and small RNA and their role in plant development, this book explains the importance of long non-coding RNA in plants, including its significance in virus resistance, its transposable elements, effector trigger immunity, and fungal and bacterial resistance in plants. Non-coding RNA for Modulation and Stress Response in Plants presents the state-of-the-science from its historical foundation through application throughout the lifecycle and production of agricultural and non-agricultural plants. While various coding has been explored within animal science, plant exposition has been minimal.  This book is designed to inspire additional research and developments toward improved plant resiliency and production." --  |c Provided by publisher. 
588 |a Description based on online resource; title from digital title page (viewed on April 09, 2025). 
650 0 |a Non-coding RNA. 
650 0 |a Plant genetics. 
650 6 |a ARN non codants. 
650 6 |a Génétique végétale. 
655 7 |a Electronic books.  |2 local 
700 1 |a Datta, Rahul,  |e editor. 
700 1 |a Kapadia, Kapadia,  |e editor. 
700 1 |a Danish, Subhan,  |e editor. 
700 1 |a Singh, Sachidanand,  |e editor. 
710 2 |a ScienceDirect (Online service) 
776 0 8 |c Original  |z 044321784X  |z 9780443217845  |w (OCoLC)1416124593 
856 4 0 |u http://proxy.library.tamu.edu/login?url=https://www.sciencedirect.com/science/book/9780443217845  |z Connect to the full text of this electronic book  |t 0 
936 |a BATCHLOAD 
955 |a Elsevier ScienceDirect 2026-2027 
994 |a 92  |b TXA 
999 f f |i 72a26f75-aac7-47c9-8602-7776efbbb7fd  |s aa5d5dea-efaa-4947-802d-3912a6e32bd5  |t 0 
952 f f |a Texas A&M University  |b College Station  |c Electronic Resources  |s www_evans  |d Available Online  |t 0  |e QP623 .N66 2025  |h Library of Congress classification 
998 f f |a QP623 .N66 2025  |t 0  |l Available Online